NFL Receiving Triple Crown Winners - Statistics

General Stats
  • This quiz has been taken 135 times
    122 since last reset
  • The average score is 5 of 6
Answer Stats
Year Team Rec Yards TDs Player % Correct
2021 Rams 145 1,947 16 Cooper Kupp
100%
2024 Bengals 127 1,708 17 Ja’Marr Chase
100%
1990 49ers 100 1,502 13 Jerry Rice
95%
2005 Panthers 103 1,563 12 Steve Smith
80%
1992 Packers 108 1,461 13 Sterling Sharpe
63%
1966 Chargers 73 1,383 13 Lance Alworth
27%
No matching quizzes found
Score Distribution
Percent of People with Each Score
Percentile by Number Answered
Your Score History
You have not taken this quiz since the last reset